| 000 | 00455cam a2200169ua 4500 | ||
|---|---|---|---|
| 020 | _c6.00 | ||
| 041 |
_aeng _h |
||
| 082 |
_a428.1 _bTRE/ON |
||
| 100 | _aTrench, Richard Chenevick . | ||
| 245 |
_aOn the study of words English past and present / _cRichard Chenevix trench. _hTextual Documents |
||
| 260 |
_aLondon : _bJ M Dent and Sons Ltd , _c1952. |
||
| 300 | _a162 ; . | ||
| 365 | _a6.00 | ||
| 504 | _a | ||
| 942 | _cBK | ||
| 999 |
_c8804 _d8804 |
||